00203nam a22000857a 4500082001500000100001200015245004900027260003300076300000800109 a001.424AFZ aAfzal S aReearch methodology and basic biostatistics  akarachibParamount Pubc2015 a179